000 00287nam a22001337a 4500
008 181029b xxu||||| |||| 00| 0 eng d
020 _a9781844830602
041 _aeng
080 _a940
100 _a16
101 _aSHH
245 _aAncient History
_cRoberts,J.M
942 _2udc
_cBK
999 _c50956
_d50956